<?xml version="1.0" encoding="UTF-8"?>
<collection xmlns="http://www.loc.gov/MARC21/slim">
 <record>
  <leader>01418nam a2200217Ia 4500</leader>
  <controlfield tag="001">TDMU_19036</controlfield>
  <controlfield tag="008">210410s9999    xx            000 0 und d</controlfield>
  <datafield tag="082" ind1=" " ind2=" ">
   <subfield code="a">895.13</subfield>
  </datafield>
  <datafield tag="090" ind1=" " ind2=" ">
   <subfield code="b">K311</subfield>
  </datafield>
  <datafield tag="100" ind1=" " ind2=" ">
   <subfield code="a">King Kong Barbie</subfield>
  </datafield>
  <datafield tag="245" ind1=" " ind2="0">
   <subfield code="a">Chết! Sập bẫy rồi!</subfield>
  </datafield>
  <datafield tag="245" ind1=" " ind2="0">
   <subfield code="c">King Kong Barbie; Lục Hoa, Lucy dịch</subfield>
  </datafield>
  <datafield tag="260" ind1=" " ind2=" ">
   <subfield code="a">H.</subfield>
  </datafield>
  <datafield tag="260" ind1=" " ind2=" ">
   <subfield code="b">Văn học</subfield>
  </datafield>
  <datafield tag="260" ind1=" " ind2=" ">
   <subfield code="c">2013</subfield>
  </datafield>
  <datafield tag="300" ind1=" " ind2=" ">
   <subfield code="a">535tr.</subfield>
  </datafield>
  <datafield tag="520" ind1=" " ind2=" ">
   <subfield code="a">Câu chuyện về cô sinh viên khoa tiếng Anh năm cuối Tần Khanh vì trượt môn tự chọn nên phải học lại, không cam lòng, cô nàng quyết tâm đi xin xỏ thầy giáo. Nào ngờ, người cô gặp phải chính là Tống Tử Ngôn â€“ thầy giáo trẻ, đẹp trai, giỏi giang và vô cùng khó tính. Hết cách nên Tần Khanh phải làm liều â€“ quyết định tỏ tình với Tống Tử Ngôn. Nào ngờ, thầy Tống đồng ý, từ đây cuộc sống của Tần Khanh rơi vào những â€œthảm cảnh oái ămâ€ do Tống Tử Ngôn bày ra.</subfield>
  </datafield>
  <datafield tag="650" ind1=" " ind2=" ">
   <subfield code="a">Văn học Trung Quốc</subfield>
   <subfield code="v">Tiểu thuyết; Tiểu thuyết lãng mạng</subfield>
  </datafield>
  <datafield tag="700" ind1=" " ind2=" ">
   <subfield code="a">Lục Hoa</subfield>
  </datafield>
  <datafield tag="856" ind1=" " ind2=" ">
   <subfield code="u">http://lrc.tdmu.edu.vn/opac/search/detail.asp?aID=2&amp;ID=19036</subfield>
  </datafield>
  <datafield tag="980" ind1=" " ind2=" ">
   <subfield code="a">Trung tâm Học liệu Trường Đại học Thủ Dầu Một</subfield>
  </datafield>
 </record>
</collection>
